000 01819nmm a2200289 a 4500
001 0000031546
003 CO-CtgCURN
005 20250329165433.0
007 co cga---uuuuu
008 161103s2016 i eng d
040 _aCO-CtgCURN
_bspa
_ccoctgcurn
082 0 _aENF 2016
_bC317
100 1 _aCarrillo Blanco, Nile.
245 1 0 _aConductas asociadas a la realizacion de citologia vaginal en la comunidad educativa del programa de enfermeria de la Corporación Universitaria Rafael Nuñez
_h[electronic resource] /
_cKelis Escorcia Marrugo; Milagro Torres Lerna; Vialys Lobo Arellano; Asesor Barrios Puerta, Zorayda.
260 _aCartagena de Indias :
_bCorporación Universitaria Rafael Núñez,
_c2016.
300 _a1 CD-Rom.
336 _2rdacontent
337 _2rdamedia
_asin mediacion
_bn
338 _2rdacarrier
_avolumen
_bnc
502 _aTrabajo de grado (Enfermera). Corporación Universitaria "Rafael Nuñez" Facultad de Ciencias de la Salud. Programa de Enfermeria, 2016.
520 _aLa citologia cervical anormal y el cancer de cuello uterino son mas frecuente entre las mujeres de los paises en desarrollo y ocupa el segundo lugar por orden de frecuencia en todo el mundo, con mas de medio millon de casos nuevos al año. La citologia vaginal puede revelar una lesion precancerosa. El tratamiento de estas lesiones tempranas es sumamente eficaz, mientras que la enfermedad en sus fases mas avanzadas puede ser mortal sin importar cualquier tratamiento que se aplique.
650 0 _aEnfermeria
_xTesis y Disertaciones academicas.
700 1 _aEscorcia Marrugo, Kelis.
856 _uhttp:// /021375.pdf
_zClick aqui para ver el recurso en texto completo
942 _hENF 2016
_iC317
_2ddc
_cTG
999 _c3945
_d3945